00000000nam 2200000za 4500
0019.857297
003CaOODSP
00520221107155727
007cr |||||||||||
008180601t20182017onc     o    f000 0 eng d
020 |a9780660267869
040 |aCaOODSP|beng
043 |an-cn---
0861 |aT29-106/2018E-PDF|zT29-106/2018E
24500|aCanadian supplement to the SOLAS Convention |h[electronic resource].
250 |a2nd ed.
260 |a[Ottawa] : |bTransport Canada, |c[2018], c2017.
300 |aiv, 24 p.
500 |aIssued also in French under title: Supplément canadien à la Convention SOLAS.
500 |a"Date revised: December 2017."
500 |a"TP 15211E (12/2017)."
500 |a"TC-1006017."
500 |aIncorrect catalogue number (T29-106/2018E) printed in this publication.
500 |aIssued also in HTML format.
520 |a"The Canadian Supplement to the SOLAS Convention outlines a set of mandatory Canadian-specific requirements related to SOLAS and associated Codes, Recommendations, Guidelines and Interpretations published in International Maritime Organization (IMO) Circulars and Resolutions referenced in this document and the policy"--Introd., p. 1.
69207|2gccst|aShips
69207|2gccst|aSafety regulations
7101 |aCanada. |bTransport Canada.
7101 |aCanada. |bDomestic Vessel Regulatory Oversight & Boating Safety.
77508|tSupplément canadien à la Convention SOLAS |w(CaOODSP)9.857298
795 |tCanadian supplement to the SOLAS Convention |w(CaOODSP)9.696813
85640|qPDF|s347 KB|uhttps://publications.gc.ca/collections/collection_2018/tc/T29-106-2018-eng.pdf
8564 |qHTML|sN/A|uhttps://tc.canada.ca/en/marine-transportation/marine-safety/canadian-supplement-solas-convention-tp-15211-e